| 000 | 00488pab a2200181 454500 | ||
|---|---|---|---|
| 008 | 180718b2011 xxu||||| |||| 00| 0 eng d | ||
| 100 | _aRaile, Eric D. | ||
| 245 | _aThe executive toolbox: Building legislative support in a multiparty presidential regime | ||
| 260 | _c2011 | ||
| 300 | _ap.323-334. | ||
| 362 | _aJun | ||
| 650 | _aPresidents | ||
| 700 | _aPower, Timothy J. | ||
| 700 | _aPereira, Carlos | ||
| 773 | _aPolitical Research Quarterly | ||
| 908 | _aN | ||
| 909 | _a92801 | ||
| 999 |
_c92801 _d92801 |
||